| 000 | 00942cam a2200241 a 4500 | ||
|---|---|---|---|
| 001 | 911 | ||
| 003 | BD-RjUL | ||
| 005 | 20211208233239.0 | ||
| 008 | 131124s1968 enkcf 100 0 eng d | ||
| 035 | _a(BD-RjUL)933 | ||
| 040 |
_aDLC _cDLC _dBD-RjUL _beng |
||
| 041 | _aeng | ||
| 082 | 0 | 0 |
_a021 _216 _bSHA 1968 |
| 110 | 2 |
_aLibrary Association. _bLondon and Home Counties Branch. _9116105 |
|
| 245 | 1 | 4 |
_aThe shape of things to come: _bpapers read at the Week-end Conference of the London and Home Counties Branch of the Library Association held at Eastbourne 26th-28th April 1968 under the chairmanship of A. G. S. Enser; _c[editor T. D. F. Barnard]. |
| 260 |
_aLondon: _bLibrary Association (London & Home Counties Branch), _c1968. |
||
| 300 |
_a74 p. : _bplate, port. ; _c19 cm. |
||
| 650 | 0 |
_aLibrary science _xCongresses. _91349 |
|
| 700 | 1 |
_aBarnard, T. D. F., _eed. _92702 |
|
| 942 |
_2ddc _cBK |
||
| 999 |
_c911 _d911 |
||